000
00310nam a2200133Ia 4500
008
191201s2003 xx 000 0 und d
082
_a
677
_b
PRI
100
_a
PRAKASH, K
245
0
_a
Ideas Traditional
260
_a
N.Delhi
_b
English Education
_c
2003
300
_a
-
650
_a
B.Tech(TE)
942
_2
ddc
_c
BK
999
_c
2316
_d
2316